Manipulating reproduction / (Record no. 156056)

MARC details
000 -LEADER
fixed length control field 01113cam a2200325Ia 4500
008 - FIXED-LENGTH DATA ELEMENTS--GENERAL INFORMATION
fixed length control field
020 ## - INTERNATIONAL STANDARD BOOK NUMBER
International Standard Book Number 0521314968 (pbk.)
049 ## - LOCAL HOLDINGS (OCLC)
Holding library MAIN
090 ## - LOCALLY ASSIGNED LC-TYPE CALL NUMBER (OCLC); LOCAL CALL NUMBER (RLIN)
Classification number (OCLC) (R) ; Classification number, CALL (RLIN) (NR) QL739.23
Local cutter number (OCLC) ; Book number/undivided call number, CALL (RLIN) REP
003 - CONTROL NUMBER IDENTIFIER
control field
005 - DATE AND TIME OF LATEST TRANSACTION
control field 20230123133853.0
040 ## - CATALOGING SOURCE
Transcribing agency NUST
245 00 - TITLE STATEMENT
Title Manipulating reproduction /
Statement of responsibility, etc. edited by C.R. Austin and R.V. Short ; drawings by John R. Fuller.
250 ## - EDITION STATEMENT
Edition statement 2nd ed.
260 ## - PUBLICATION, DISTRIBUTION, ETC.
Place of publication, distribution, etc. Cambridge :
Name of publisher, distributor, etc. Cambridge University Press,
Date of publication, distribution, etc. 1986.
300 ## - PHYSICAL DESCRIPTION
Extent ix, 235 p. :
Other physical details ill. ;
Dimensions 25 cm.
440 ## - SERIES STATEMENT/ADDED ENTRY--TITLE
Title Reproduction in mammals. 2nd ed. ;
Volume/sequential designation bk. 5
500 ## - GENERAL NOTE
General note First ed. published as: Artificial control of reproduction. 1972.
500 ## - GENERAL NOTE
General note Includes index.
504 ## - BIBLIOGRAPHY, ETC. NOTE
Bibliography, etc. note Includes bibliographical references.
650 #0 - SUBJECT ADDED ENTRY--TOPICAL TERM
Topical term or geographic name entry element Fertilization (Biology).
650 #0 - SUBJECT ADDED ENTRY--TOPICAL TERM
Topical term or geographic name entry element Artificial insemination.
650 #0 - SUBJECT ADDED ENTRY--TOPICAL TERM
Topical term or geographic name entry element Sterilization (Birth control).
700 1# - ADDED ENTRY--PERSONAL NAME
Personal name Austin, C.R.
700 1# - ADDED ENTRY--PERSONAL NAME
Personal name Short, R.V.
730 0# - ADDED ENTRY--UNIFORM TITLE
Uniform title Artificial control of reproduction.
830 #0 - SERIES ADDED ENTRY--UNIFORM TITLE
Uniform title Reproduction in mammals.
Version 2nd ed. ;
Volume/sequential designation bk. 5.
907 ## - LOCAL DATA ELEMENT G, LDG (RLIN)
a .b10001153
b 11-09-12
c 17-04-03
942 ## - ADDED ENTRY ELEMENTS (KOHA)
Koha item type Ordinary Loan Books
Call number prefix QL739.23
Call number suffix REP
Holdings
Date last seen Total Checkouts Full call number Barcode Cost, replacement price Price effective from Koha item type Lost status Source of classification or shelving scheme Damaged status Not for loan Collection Withdrawn status Home library Current library Shelving location Date acquired Cost, normal purchase price
01/23/2023 1 QL739.23 MAN 92003005521 80.00 01/23/2023 BOOKS   lcc     NFIC   MAIN MAIN GEN 01/23/2023 80.00